000
00337nam a2200169Ia 4500
100
_a
Ramachandran/S
650
_a
VLSI
942
_c
RB
366
_f
25
654
_a
VLSI
245
_a
Digital VLSI system design
260
_b
Springer
_c
2007
082
_a
621.395
_b
RAM
300
_a
709
546
_a
ENGLISH
_c
TTL
999
_c
22976
_d
22976